000 00621nam a2200205 4500
003 OSt
005 20240730051155.0
006 a
008 240730b |||||||| |||| 00| 0 eng d
020 _a9780763753702
040 _aDWCL-Main lib.
_cOC
082 _aCirc. 572 S986 2011
100 _aIyengar M. Sriram
245 _aSymbolic systems biology : theory and methods /
260 _aSudbury, Mass :
_bJones and Bartlett Learning,
_cc2011.
300 _axv,
_b214 p. : ill. ;
_c24 cm.
504 _aIncludes bibliographical references & index.
650 _a1. Systems biology.
942 _2ddc
_n0
_cBK-CIRC
_kCirc.
999 _c2954
_d2954